Statistics for Books of the Orthodox Bible

Click here to take the quiz!

General Stats

  • This quiz has been taken 247 times
    (187 since last reset)
  • The average score is 41 of 76

Answer Stats

Old Testament% Correct
Genesis
96%
Exodus
94%
Leviticus
90%
Numbers
88%
John
88%
Luke
88%
Matthew
88%
Mark
87%
Revelation
81%
Deuteronomy
80%
Psalms
76%
Acts
72%
Ruth
70%
Romans
69%
3 Kingdoms
67%
Joshua
65%
4 Kingdoms
63%
Judges
63%
Galatians
62%
Job
62%
2 John
62%
1 John
61%
1 Corinthians
60%
Daniel
60%
2 Corinthians
59%
3 John
59%
Isaiah
58%
Ephesians
58%
Esther
58%
Jeremiah
58%
2 Peter
57%
Song of Songs
57%
1 Peter
57%
Proverbs of Solomon
57%
1 Kingdoms
56%
2 Kingdoms
56%
Hebrews
55%
Jude
55%
Ezekiel
54%
Jonah
54%
2 Timothy
53%
1 Timothy
53%
James
52%
Colossians
50%
Ecclesiastes
49%
Malachi
48%
1 Ezdras
48%
Titus
47%
2 Chronicles
47%
1 Chronicles
47%
Philemon
47%
2 Thessalonians
46%
Philippians
46%
1 Thessalonians
46%
Nehemiah
45%
Amos
42%
Joel
42%
Micah
41%
Habakkuk
41%
Hosea
39%
Lamentations of Jeremiah
39%
Obadiah
38%
Zechariah
37%
Zephaniah
36%
2 Ezdras
35%
1 Maccabees
34%
2 Maccabees
34%
Tobit
33%
Wisdom of Solomon
33%
Haggai
30%
Nahum
30%
Judith
28%
Baruch
26%
Wisdom of Sirach
24%
3 Maccabees
23%
Epistle of Jeremiah
9%

Score Distribution

Percentile by Number Answered

Percent of People with Each Score

Your Score History

You have not taken this quiz since the last reset